Nezamestnanosť klesá pomaly, ale predsa
Riešenie problému nezamestnanosti verejnoprospešnými prácami. Verejnoprospešné práce nie sú štrukturálnym krokom, ale aktívnym nástrojom sociálnej práce. Národný úrad práce (NÚP) zaznamenal v auguste r. 2000 rekordný počet osôb vyradených z evidencie nezamestnaných. Zmluvy na verejnoprospešné práce...
Salvato in:
| Autore principale: | |
|---|---|
| Natura: | Capitolo di libro |
| Lingua: | slovacco |
| Soggetti: | |
| Tags: |
Nessun Tag, puoi essere il primo ad aggiungerne!!
|
MARC
| LEADER | 00000naa a2200000 4500 | ||
|---|---|---|---|
| 001 | r039633 | ||
| 005 | 20230921110353.2 | ||
| 041 | 0 | |a slo | |
| 044 | |a SK | ||
| 245 | 1 | 0 | |a Nezamestnanosť klesá pomaly, ale predsa |c Eva Reiselová |
| 520 | |a Riešenie problému nezamestnanosti verejnoprospešnými prácami. Verejnoprospešné práce nie sú štrukturálnym krokom, ale aktívnym nástrojom sociálnej práce. Národný úrad práce (NÚP) zaznamenal v auguste r. 2000 rekordný počet osôb vyradených z evidencie nezamestnaných. Zmluvy na verejnoprospešné práce sa uzatvárali najviac na päť mesiacov. Obce a mestá sú najčastejšími zamestnávateľmi ľudí zapojených do týchto prác. | ||
| 610 | 2 | 0 | |a nezamestnanosť |
| 610 | 2 | 0 | |a práce verejnoprospešné |
| 610 | 2 | 0 | |a obce |
| 610 | 2 | 0 | |a mestá |
| 610 | 2 | 0 | |a miesta pracovné |
| 610 | 2 | 0 | |a nezamestnanosť dlhodobá |
| 610 | 2 | 0 | |a Slovensko |
| 100 | 1 | |a Reiselová, Eva | |